000 00354nam a2200157Ia 4500
100 _aKhandpur/R.S
250 _a2
942 _cRB
366 _f15
654 _ahandbook
245 _aHandbook of Bio Medical instrumentation
260 _bTata Mc Graw hill Ltd.
_aNew Delhi
_c2003
082 _a610.28/KHA
_bKHA
300 _a924
546 _aENGLISH
999 _c20191
_d20191